000 00726nam a2200241 i 4500
001 C2-0253987
003 PPAK
005 20180727221451.0
008 040414s1985 xx |||| ||||| | may d
040 _aPPAK
_beng
_cPPAK
_erda
082 0 4 _a352.1209595111
_223
090 0 0 _a352.1209595111
_bMAL
_dKK
110 2 _aMalaysia
245 0 0 _aAnggaran dan hasil perbelanjaan negeri Perlis
264 1 _a[place of publication not identified] :
_b[publisher not identified] ,
_c1985
300 _a66 pages ;
_c29 cm
336 _2rdacontent
_atext
337 _2rdamedia
_aunmediated
338 _2rdacarrier
_avolume
650 1 0 _aBudget - Malaysia - Perlis - Periodicals
710 2 _aMalaysia
_eorganizer
942 _ddc
_cB
999 _c66765
_d66765